000
00254nam a22001217a 4500
008
170809b xxu||||| |||| 00| 0 eng d
041
_a
eng
080
_a
004
100
_a
35
101
_a
SHK
245
_a
EDV & PC LEXIKON
_c
HILBER,W
942
_2
udc
_c
BK
999
_c
23039
_d
23039